000 00648nam a2200205 4500
003 SEACOMMC
005 20231010100153.0
008 231010b |||||||| |||| 00| 0 eng d
020 _cRs. 595.00
040 _aSEACOMMC
082 _a 621.392
_bASH
100 1 _aAsherden, Peter J.
245 1 4 _athe system designer's guide to VHDL-AMS
_banalog, mixed-signal and mixed-technology modeling
_cPeter J. Asherden, Gregory D. Peterdon and Darrell A. Teegarden
260 _aNew Delhi
_bElsevier
_c2005
650 _aEngineering
650 _aComputer engineering
700 1 _aPeterson, Gregory D.
700 1 _aTeegarden, Darrell A.
942 _cBOOK
999 _c92
_d92